Normal view
MARC view
- SATELLITE COMMUNICATION .SATELLITE NETWORKS.MOBILE SATELLITE .SERVICES.VSAT NETWORKS.DIGITAL VIDEO COMPRESSION SYSTEMS.SATELLITE LINKS
Entry Topical Term
001 - CONTROL NUMBER
- control field: 68244
003 - CONTROL NUMBER IDENTIFIER
- control field: NUST
005 - DATE AND TIME OF LATEST TRANSACTION
- control field: 20210628204018.0
008 - FIXED-LENGTH DATA ELEMENTS
- fixed length control field: 210628|| aca||aabn | a|a d
040 ## - CATALOGING SOURCE
- Original cataloging agency: NUST
- Transcribing agency: NUST
150 ## - HEADING--TOPICAL TERM
- Topical term or geographic name entry element: SATELLITE COMMUNICATION .SATELLITE NETWORKS.MOBILE SATELLITE .SERVICES.VSAT NETWORKS.DIGITAL VIDEO COMPRESSION SYSTEMS.SATELLITE LINKS
670 ## - SOURCE DATA FOUND
- Source citation: Work cat.: (NUST): Elbert, Bruce R 68243, The satellite communication applications handbook, 2004
